000 00787nam a2200205 4500
005 20260429112009.0
010 _a B-777987-8006 BACCHEN26
020 _a9789363994324
_c160.00
035 _a B-777987-8006
037 _bLittle Scholarz Pvt Ltd
082 _21
_aS
100 _aConrad, Joseph
245 _aHeart of Darkness/
_cJoseph Conrad
250 _a1
260 _aNew Delhi
_bLittle Scholarz Pvt Ltd
_c2025
270 _a12-H, New Daryaganj Road, Opp Officer 'Mess
_bNew Delhi
_e110002
_k91-11-23275224
300 _a184p.
_b21cm(pb)
942 _2ddc
_cCH
_hN
_mCON
999 _c215195
_d215195